Živnostenské spoločenstvá

Význam živnostenských spoločenstiev v histórii. Aktivity živnostenských spoločenstiev vo vzdelávacej a humanitnej oblasti. Štruktúra a členská základňa živnostenských spoločenstiev. Organizácia spoločenstva a jeho postavenie.

Na minha lista:
Detalhes bibliográficos
Autor principal: Krasnovský, Branislav
Formato: Capítulo de Livro
Idioma:eslovaco
Assuntos:
Tags: Adicionar Tag
Sem tags, seja o primeiro a adicionar uma tag!

MARC

LEADER 00000naa a2200000 4500
001 r036147
005 20230824101850.5
041 0 |a slo 
044 |a SK 
245 1 0 |a Živnostenské spoločenstvá  |c Branislav Krasnovský 
520 |a Význam živnostenských spoločenstiev v histórii. Aktivity živnostenských spoločenstiev vo vzdelávacej a humanitnej oblasti. Štruktúra a členská základňa živnostenských spoločenstiev. Organizácia spoločenstva a jeho postavenie. 
610 2 0 |a združenia 
610 2 0 |a komory živnostenské 
610 2 0 |a história 
610 2 0 |a vzdelávanie 
610 2 0 |a štruktúra organizačná 
610 2 0 |a živnostníci 
100 1 |a Krasnovský, Branislav